Обогащение угля и термическая переработка топлив; Труды института горючих ископаемых

מידע ביבליוגרפי
Parent link:Труды института горючих ископаемых/ Академия наук СССР (АН СССР) ; под ред. А. Б. Чернышева , Н. Г. Титова. Т. 24, вып. 4.— , 1950-1978
מחברים אחרים: Филиппов Б. С. (редактор)
שפה:רוסית
יצא לאור: 1969
נושאים:
פורמט: MixedMaterials ספר
KOHA link:https://koha.lib.tpu.ru/cgi-bin/koha/opac-detail.pl?biblionumber=367320

MARC

LEADER 00000nam2a2200000 4500
001 367320
005 20231102011954.0
035 |a (RuTPU)RU\TPU\retro\24683 
035 |a RU\TPU\retro\24674 
090 |a 367320 
100 |a 20220309d1969 k y0rusy50 ca 
101 0 |a rus 
102 |a RU 
105 |a a z 001zy 
200 0 |a Обогащение угля и термическая переработка топлив  |v Т. 24, вып. 4 
210 |d 1969 
215 |a 183 с.  |c ил. 
320 |a Библиография в конце статей 
461 1 |0 (RuTPU)RU\TPU\book\252879  |t Труды института горючих ископаемых  |f Академия наук СССР (АН СССР) ; под ред. А. Б. Чернышева , Н. Г. Титова  |v Т. 24, вып. 4  |d 1950-1978 
606 1 |a Горючие ископаемые  |x Испытание  |2 stltpush  |3 (RuTPU)RU\TPU\subj\8322  |9 35764 
606 1 |a Каменный уголь как топливо  |2 stltpush  |3 (RuTPU)RU\TPU\subj\33122  |9 55454 
610 1 |a бурый уголь 
610 1 |a окисленный уголь 
610 1 |a гидродинамика 
610 1 |a гидроциклоны 
610 1 |a реагенты-пептизаторы 
610 1 |a магнетитовые суспензии 
610 1 |a физико-механические свойства 
610 1 |a окускование 
610 1 |a термомеханические методы 
610 1 |a металлургические шихты 
610 1 |a добавки 
610 1 |a спекаемость 
610 1 |a бинарные смеси 
610 1 |a коксование 
610 1 |a формованный кокс 
610 1 |a агрегация 
610 1 |a железорудные концентраты 
610 1 |a термография 
610 1 |a газификация 
610 1 |a водонефтяные эмульсии 
610 1 |a водоугольные суспензии 
610 1 |a сжигание 
610 1 |a исследования 
610 1 |a термодинамика реакций 
610 1 |a ацетилен 
610 1 |a сжигание в кислороде 
610 1 |a спектрофотометрические измерения 
610 1 |a ИК-спектроскопия 
610 1 |a коксохимические продукты 
675 |a 553.9  |v 3 
675 |a 662.66  |v 3 
702 1 |a Филиппов  |b Б. С.   |4 340 
801 1 |a RU  |b 63413507  |c 20130206 
801 2 |a RU  |b 63413507  |c 20220309  |g RCR 
942 |c BK